Text book of workshop technology (Manufacturing Processes) / (Record no. 12183)
[ view plain ]
| 000 -LEADER | |
|---|---|
| fixed length control field | 00688cam a2200265ua 4500 |
| 041 ## - LANGUAGE CODE | |
| Language code of text/sound track or separate title | eng |
| 082 ## - DEWEY DECIMAL CLASSIFICATION NUMBER | |
| Classification number | 621.7 |
| Item number | KHU/TE |
| 100 ## - MAIN ENTRY--AUTHOR NAME | |
| Personal name | Khurmi, R.S . |
| 245 ## - TITLE STATEMENT | |
| Title | Text book of workshop technology (Manufacturing Processes) / |
| 250 ## - EDITION STATEMENT | |
| Edition statement | 6 / |
| 260 ## - PUBLICATION, DISTRIBUTION, ETC. (IMPRINT) | |
| Place of publication | New Delhi : |
| Name of publisher | Nirja Construction & Development Co (p) Ltd , |
| Year of publication | 2004. |
| 300 ## - PHYSICAL DESCRIPTION | |
| Number of Pages | 552 ; . |
| 500 ## - GENERAL NOTE | |
| General note | 20888-Scheme |
| 700 1# - ADDED ENTRY--PERSONAL NAME | |
| Personal name | Gupta, R.L. |
| 942 ## - ADDED ENTRY ELEMENTS (KOHA) | |
| Koha item type | Books |
| Withdrawn status | Lost status | Damaged status | Home library | Current library | Date acquired | Full call number | Accession Number | Koha item type | Shelving location |
|---|---|---|---|---|---|---|---|---|---|
| KAUAET | KAUAET | 07/04/2012 | 621.7 KHU/TE | 20888 | Book Bank scheme for SC students | ||||
| KAUAET | KAUAET | 07/04/2012 | 621.7 KHU/TE | 20906 | Books | ||||
| Damaged | KAUAET | KAUAET | 07/04/2012 | 621.7 KHU/TE | 20907 | Books | Binding Shelf | ||
| KAUAET | KAUAET | 07/04/2012 | 621.7 KHU/TE | 20908 | Books | ||||
| KAUAET | KAUAET | 07/04/2012 | 621.7 KHU/TE | 20909 | Books | ||||
| KAUAET | KAUAET | 07/04/2012 | 621.7 KHU/TE | 20910 | Books |
